MARC

LEADER 00000nam0a2200000 4500
001 326282
005 20231102003839.0
035 |a (RuTPU)RU\TPU\book\351917 
090 |a 326282 
100 |a 20161221d1919 km y0rusy50 ca 
101 0 |a rus 
102 |a RU 
105 |a a z 000zy 
200 1 |a Испытания двух локомобилей по 250 л. с.  |f В. Л. Малеев  |g Томский технологический институт 
210 |a Томск  |c [Б. и.]  |d 1919 
215 |a 23 с.  |c ил. 
225 1 |a Известия Томского Технологического Института  |v Т. 41, вып. 2 
606 1 |a Локомобили передвижные  |2 stltpush  |3 (RuTPU)RU\TPU\subj\40602  |9 60445 
610 1 |a испытания 
610 1 |a электрические станции 
610 1 |a Тобольская губерния 
675 |a 621.15  |v 4 
700 1 |a Малеев  |b В. Л.  |c российский инженер-механик  |c профессор ТТИ (1906-1918)  |f 1879-?  |g Владимир Леонидович  |2 stltpush  |3 (RuTPU)RU\TPU\pers\21839  |9 9178 
712 0 2 |a Томский технологический институт  |c (1896-1923)  |2 stltpush  |3 (RuTPU)RU\TPU\col\9244  |9 24666 
801 1 |a RU  |b 63413507  |c 20161221 
801 2 |a RU  |b 63413507  |c 20210304  |g RCR 
942 |c BK